1893 1576 1691 1614 1193 1305 1443 1442 1549 1237 1520 1090 1784 1987 1430 1593 1401 1231 1621 1245 1389 1147 1061 1134 1200 1268 1778 1743 1341 1288 1255 1093 1050 1749 1169 1487 1544 1391 1224 1216 1898 1144 1843 1236 1617 1957 1405 1529 1375 1128 1271 1103 1250 1421 1021 1899 1121 1595 1931 1149 1355 1419 1155 1216 1224 1075 1961 1311 1674 1685 1369 1615 1627 1455 1040 1103 1710 1155 1470 1396 1717 1190 1650 1888 1233 1019 1155 1092 1844 1339 1152 1279 1966 1728 1806 1131 1595 1200 1823 BCNSPRNW ULIB Ver.6.0+V

เปลี่ยนเป็นภาษาไทย

Change to English
 แสดงรายละเอียดบรรณานุกรม
  กลับหน้าหลัก

Brief Record : Get Marc (ISO 2709) : E-mail record : QR code < ปิดหน้าต่าง
LEADER : 00000nam 2200000uu 4500
001    13399109817
003     ULIB
008    110411s2546||||th 000 0 tha d
020    9742971927
060 04 WC680^bค127ค 2546
110 1  กรมควบคุมโรค. ^bสำนักโรคติดต่อนำโดยแมลง
245 00 คู่มือปฏิบัติงานควบคุมไข้มาลาเรีย พ.ศ.2546/^cสมศักดิ์ ประจักษ์วงศ์ และคณะ
260    [นนทบุรี] :^bสำนักโรคติดต่อนำโดยแมลง กรมควบคุมโรค กระทรวงสาธารณสุข,^c2546
300    50 หน้า
650  7 มาลาเรีย
700 0  สมศักดิ์ ประจักษ์วงศ์ และคณะ
945    ^p0^l0^i016078
995    ทศพร
999 ^a ใช้งานได้ทุกระบบ
รายการนี้ยังไม่มีแท็ก
คุณยังไม่ได้ล็อกอิน คุณสามารถมีกิจกรรมร่วมกับเว็บไซต์ได้ แต่ต้องล็อกอินก่อน ::
  ล็อกอิน

รายการสื่อสารสนเทศ

ลำดับที่ ประเภท เลขเรียก/บาร์โค้ด สถานที่ สถานะ
- ไม่พบข้อมูล -

รายการใกล้เคียง
    หัวเรื่อง [มาลาเรีย]

BibComment


ยังไม่เคยถูกคอมเมนท์

คอมเมนท์ทรัพยากรรายการนี้
  คอมเมนท์: คู่มือปฏิบัติงานค..


 Copyright 2026. Bcnsprnw @Library